South Eastern Kenya University

Library Online Public Access Catalogue


The art & science of Web design / (Record no. 13699)

MARC details
000 -LEADER
fixed length control field 00832cam a22002897a 4500
001 - CONTROL NUMBER
control field 11844841
003 - CONTROL NUMBER IDENTIFIER
control field OSt
005 - DATE AND TIME OF LATEST TRANSACTION
control field 20160511090332.0
008 - FIXED-LENGTH DATA ELEMENTS--GENERAL INFORMATION
fixed length control field 991117s2001 inua 001 0 eng d
010 ## - LIBRARY OF CONGRESS CONTROL NUMBER
LC control number 99069020
020 ## - INTERNATIONAL STANDARD BOOK NUMBER
International Standard Book Number 0789723700
020 ## - INTERNATIONAL STANDARD BOOK NUMBER
International Standard Book Number 9780789723703
035 ## - SYSTEM CONTROL NUMBER
System control number (DLC)11844841
040 ## - CATALOGING SOURCE
Original cataloging agency SEKU
042 ## - AUTHENTICATION CODE
Authentication code lccopycat
050 00 - LIBRARY OF CONGRESS CALL NUMBER
Classification number TK 5105.888
Item number .V4
100 1# - MAIN ENTRY--PERSONAL NAME
Personal name Veen, Jeffrey.
245 14 - TITLE STATEMENT
Title The art & science of Web design /
Statement of responsibility, etc. Jeffrey Veen.
246 3# - VARYING FORM OF TITLE
Title proper/short title Art and science of Web design
260 ## - PUBLICATION, DISTRIBUTION, ETC. (IMPRINT)
Place of publication, distribution, etc. Indianapolis, Ind. :
Name of publisher, distributor, etc. New Riders,
Date of publication, distribution, etc. c2001.
300 ## - PHYSICAL DESCRIPTION
Extent xi, 259 p. :
Other physical details col. ill. ;
Dimensions 23 cm.
500 ## - GENERAL NOTE
General note Includes index.
650 #0 - SUBJECT ADDED ENTRY--TOPICAL TERM
Topical term or geographic name as entry element Web sites
General subdivision Design.
942 ## - ADDED ENTRY ELEMENTS (KOHA)
Source of classification or shelving scheme Library of Congress Classification
Koha item type General circulation
Holdings
Withdrawn status Lost status Source of classification or shelving scheme Damaged status Not for loan Home library Current library Shelving location Date acquired Source of acquisition Total Checkouts Full call number Barcode Date last seen Price effective from Koha item type Public note
    Library of Congress Classification     Main Campus Library Main Campus Library General Stacks 11/05/2016 Donation-Books for Africa   TK 5105.888 .V4 2016/017715 11/05/2016 11/05/2016 General circulation res
Kitui, Kenya.
+254736116989
library@seku.ac.ke